00909cam a22002291 450000100060000000300080000600500170001400800410003103500190007203500180009104000380010904100130014708200210016024501690018126001300035030000240048050000330050450400200053765100460055765100300060370000460063327151BD-RjUL20211209051123.0140324t1962 mau 001 0 eng d a(BD-RjUL)27222 a(OCoLC)475615 aDLCcODaWUdNNdBD-RjULdDLCbeng1 aenghtur04a962.03bOTT 196210aOttoman Egypt in the eighteenth century :bThe Nizâmnâme-i Misir of Cezzâr Ahmed Pasha /cEdited and translated from the original Turkish by Stanford J. Shaw. aCambridge :bDistributed for the Center for Middle Eastern Studies of Harvard University by Harvard University Press,cc1962. a61, 20 p. ;c23 cm. aEnglish and Ottoman Turkish. aincludes index. 0aEgyptxPolitics and governmenty640-1882. 0aEgyptxHistoryy640-1882.1 aShaw, Stanford J.q(Stanford Jay),d1930-